Extreme Programming Explained: Embrace Change, 2nd edition
Đã lưu trong:
| Tác giả chính: | |
|---|---|
| Định dạng: | Sách |
| Được phát hành: |
Pearson
|
| Các nhãn: |
Không có thẻ, Là người đầu tiên thẻ bản ghi này!
|
MARC
| LEADER | 00000nam a2200000Ia 4500 | ||
|---|---|---|---|
| 005 | 20260515061619.0 | ||
| 100 | |a Beck, Kent. | ||
| 020 | |a 9780321278654 | ||
| 942 | |c BK | ||
| 245 | |a Extreme Programming Explained: Embrace Change, 2nd edition | ||
| 260 | |b Pearson | ||
| 999 | |c 97 |d 97 | ||
| 952 | |0 0 |1 0 |4 0 |7 0 |a ABDN |b ABDN |d 2026-05-15 |l 0 |p 000020 |r 2026-05-15 06:16:19 |w 2026-05-15 |y BK | ||